000 00505nam a22001817a 4500
005 20240109150131.0
008 190603b xxu||||| |||| 00| 0 eng d
020 _a978-93-88194-10-5
041 _aeng
082 _a615.19
100 _aJAIN ,DR. S.K .,MINIYAR, DR. P.B.,AND NARGUND,DR. L.V.G
_98359
245 _aA TEXTBOOK OF PHARMACEUTICAL ORGANIC CHEMISTRY - II
250 _a2nd, Ed, 2018
260 _aPUNE
_bNIRALI PRAKASHAN
300 _a7.7p,
650 _aPHARMACY
_xB.PHARMA
942 _cBK
999 _c5923
_d5921